000 01382nam a2200325 a 4500
001 BRCA_3166
005 20190320204137.0
008 120209s1906----fr-a---###---#000-0#fre-u
041 _afre
044 _afr
084 _a468
_b.H34
_c1906
100 1 _aCervantes Saavedra, Miguel de
_d1547-1616
_9213
245 1 0 _aDon Quichotte de la Manche
_cMiguel de Cervantes Saavedra.
260 _aParís
_bHachette
_c1906
300 _a299 p.
_bil.
_c28 cm.
440 0 _aBibliothéque des Ecoles et des Familles
_98514
500 _aContenido : Primera parte. Texto. Segunda parte. Texto
500 _aEdición : Edition abregee. Illustrations de Gustave Doré. Nouvelle edition
500 _aEdición abreviada hecha sobre la versión de Florian, e ilustrada con los dibujos de Doré. La impresión esmerada, hecha en buen papel. Tela; lomo y planos ricamente decorados con adornos en negro y dorado Lúdovik Osterc
500 _aQM992
546 _aTexto en : francés
650 1 4 _aNovela española
_yÉpoca clásica, 1500-1700
_9215
650 1 4 _aLiteratura española
_yÉpoca clásica, 1500-1700
_9216
650 1 4 _aNovela española
_ySiglo XVII
_9217
650 1 4 _aDon Quijote (Personaje ficticio)
_eNovela
_9218
700 1 _aDoré, Paul Gustave
_d1832-1883
_eIlustrador
_98530
740 0 _aEl Ingenioso Hidalgo Don Quijote de la Mancha
902 _aQFM
942 _2lcc
_cB
999 _c2902
_d2902